Logique - Mort Subite #12 - Statistiques

Statistiques générales
  • Ce quiz a été pris 402 fois
    88 depuis la dernière actualisation
  • Le résultat moyen est 7 sur 24
Answers on the Grid
Answers color-coded by a green-red scale on the quiz's grid according to % correct below.
En tombant Jules à eu mal
Paquito
Berlingot
Jusqu'au pied
Assis-toi sur le banc Guy
Bernard
C'est ou l'Ariège
Rabat-Joie
T'es le boss Lolo
Tu n'y ski pas
Mon-Thé-Vidé-Eau
Sans Tiago ni Timéo
Ni Tony ni Amélie ne seront là
Do à Do
A bouts d'habits
On y va en car à l'hôtel
Diligence
Sucre
Happy Hour
Kouign-Amman
Akrapovic
Rhum
Lis ma biographie
Fringuer
Castagnades
Caracoler
Privilège
Porto
Caille
Calmos amigo
Merci
Limonade
Béguin
Mortier
Luigi
Advienne
 
Statistiques - réponses
Réponse % Correct
Mon-Thé-Vidé-Eau
47%
Sans Tiago ni Timéo
42%
A bouts d'habits
38%
T'es le boss Lolo
37%
Assis-toi sur le banc Guy
34%
Tu n'y ski pas
33%
C'est ou l'Ariège
32%
On y va en car à l'hôtel
32%
Lis ma biographie
30%
Ni Tony ni Amélie ne seront là
30%
Rhum
29%
En tombant Jules à eu mal
28%
Rabat-Joie
28%
Sucre
28%
Kouign-Amman
26%
Do à Do
24%
Berlingot
20%
Happy Hour
20%
Jusqu'au pied
20%
Diligence
18%
Akrapovic
17%
Paquito
17%
Advienne
16%
Bernard
14%
Aucun quiz correspondant
Distribution des résultats
% des personnes avec chaque résultat
Percentile par nombre de réponses
Votre historique - résultats
Vous n’avez pas pris ce quiz depuis la dernière actualisation